[Event "13ème Open International de Saint-Affriq"]
[Site "Saint-Affrique"]
[Date "????.??.??"]
[Round "1.1"]
[White "Deveau, Henri"]
[Black "Apicella, Manuel"]
[Result "0-1"]
[WhiteElo "1846"]
[BlackElo "2553"]
[PlyCount "72"]

1. e4 c5 2. Nf3 Nc6 3. d4 cxd4 4. Nxd4 Nf6 5. Nc3 d6 6. Be2 e5 7. Nb3 Be7 8.
Be3 Be6 9. O-O O-O 10. Bf3 a5 11. Nd5 a4 12. Bb6 Qd7 13. Nc1 Bxd5 14. exd5 Nb4
15. c3 Qb5 16. cxb4 Qxb6 17. a3 e4 18. Re1 exf3 19. Rxe7 fxg2 20. Na2 Rae8 21.
Rxe8 Rxe8 22. Nc3 h5 23. h3 Re5 24. Rc1 Rf5 25. Rc2 Nd7 26. Ne4 Ne5 27. Ng3
Nf3+ 28. Kxg2 Nh4+ 29. Kh1 Rf3 30. Qe2 Qd4 31. Rd2 Qf4 32. Kg1 Rxg3+ 33. fxg3
Qxg3+ (33... Qxd2 34. Qxd2 Nf3+ $18) 34. Kh1 Qxh3+ 35. Qh2 Qf1+ 36. Qg1 Qxg1+
0-1

[Event "13ème Open International de Saint-Affriq"]
[Site "Saint-Affrique"]
[Date "????.??.??"]
[Round "1.2"]
[White "Degraeve, Jean-Marc"]
[Black "Rouede, Gilbert"]
[Result "1-0"]
[WhiteElo "2546"]
[BlackElo "1846"]
[PlyCount "71"]

1. e4 c5 2. Nf3 d6 3. d4 cxd4 4. Nxd4 Nf6 5. Nc3 a6 6. Bc4 e6 7. Bb3 Be7 8. f4
Qc7 9. O-O Nc6 10. Be3 O-O 11. f5 Nxd4 12. Bxd4 exf5 13. exf5 b5 14. Qf3 Bb7
15. Qg3 Nh5 16. Qh3 Bf6 17. Be3 Bxc3 18. bxc3 Qxc3 19. Rad1 Rae8 20. Rd3 Qc6
21. Rf3 Rxe3 22. Rdxe3 Nf6 23. Rf2 Ne4 24. Rfe2 Qc5 25. Kh1 d5 26. Qh4 h6 27.
Qe1 a5 28. c3 Qc8 29. Rf3 a4 30. Bc2 Qc4 31. Bd3 Qc5 32. f6 g6 33. Qh4 Qxc3 34.
Bxe4 Qd4 35. Rf1 Kh7 36. Bxg6+ 1-0

[Event "13ème Open International de Saint-Affriq"]
[Site "Saint-Affrique"]
[Date "????.??.??"]
[Round "1.3"]
[White "Camel, Joris"]
[Black "Kosten, Anthony C"]
[Result "0-1"]
[WhiteElo "1840"]
[BlackElo "2522"]
[PlyCount "96"]

1. e4 e5 2. Nf3 Nc6 3. d4 exd4 4. Nxd4 Bc5 5. Be3 Qf6 6. c3 Nge7 7. Bc4 d6 8.
Qd2 Bd7 9. a4 Ne5 10. Be2 Qg6 11. f4 Bxd4 12. cxd4 Qxg2 13. Rg1 Nf3+ 14. Bxf3
Qxf3 15. Nc3 O-O-O 16. Qf2 Qxf2+ 17. Kxf2 Rhg8 18. d5 Kb8 19. Rgc1 c6 20. dxc6
Bxc6 21. Ra3 Rge8 22. Rd1 Ng8 23. Nb5 Bxb5 24. axb5 Rxe4 25. Bxa7+ Kc7 26. Rc3+
Kd7 27. Kf3 Nf6 28. Bb6 Rde8 29. Rc7+ Ke6 30. Rxb7 Kf5 31. Rd2 Rxf4+ 32. Kg2
Kg6 33. h3 Re5 34. Bd8 Ne4 35. Rc2 Nc5 36. Rb6 Ne6 37. Rxd6 Rxb5 38. Be7 Rb7
39. Kg3 Rd4 40. Bf8 Rb3+ 41. Kh2 Rxd6 42. Bxd6 f5 43. Be5 Re3 44. Bd6 f4 45. b4
Kf5 46. Rb2 Ng5 47. b5 Rxh3+ 48. Kg1 Nf3+ 0-1

[Event "13ème Open International de Saint-Affriq"]
[Site "Saint-Affrique"]
[Date "????.??.??"]
[Round "1.4"]
[White "Flear, Glenn C"]
[Black "Maupin, Gervais"]
[Result "1-0"]
[WhiteElo "2509"]
[BlackElo "1840"]
[PlyCount "65"]

1. d4 d5 2. c4 c6 3. Nc3 Nf6 4. e3 dxc4 5. Bxc4 Bf5 6. Qb3 e6 7. Qxb7 Nbd7 8.
Qxc6 Rc8 9. Qa6 Qc7 10. Bd3 Bxd3 11. Qxd3 Bb4 12. Nge2 O-O 13. O-O Rfd8 14. Bd2
Qb7 15. Rac1 a6 16. Qb1 e5 17. Rfd1 exd4 18. Nxd4 Ne5 19. h3 Ng6 20. Nf3 Bxc3
21. Bxc3 Rxd1+ 22. Rxd1 Ne4 23. Bd4 Qc6 24. Nd2 Nf6 25. Bxf6 Qxf6 26. Nf3 Rb8
27. b3 Qe7 28. Qc1 Qb7 29. Rd4 Rc8 30. Rc4 Rd8 31. Rc7 Qe4 32. Rxf7 Kxf7 33.
Ng5+ 1-0

[Event "13ème Open International de Saint-Affriq"]
[Site "Saint-Affrique"]
[Date "????.??.??"]
[Round "1.5"]
[White "Betis-Doucet, Carol"]
[Black "Georgiev, Krum"]
[Result "0-1"]
[WhiteElo "1830"]
[BlackElo "2468"]
[PlyCount "48"]

1. c4 Nf6 2. Nc3 g6 3. d4 Bg7 4. e4 O-O 5. Nf3 d6 6. Be2 Na6 7. O-O e5 8. Bg5
h6 9. Be3 Qe8 10. dxe5 dxe5 11. h3 Nd7 12. Qd2 Kh7 13. g4 Nac5 14. b4 Ne6 15.
c5 c6 16. Rfc1 Qe7 17. a4 Rd8 18. Qc2 Nd4 19. Qb2 Nf8 20. Nd2 Nfe6 21. Nc4 Nf4
22. Bxf4 exf4 23. Nd6 f3 24. Bf1 Bxg4 0-1

[Event "13ème Open International de Saint-Affriq"]
[Site "Saint-Affrique"]
[Date "????.??.??"]
[Round "1.7"]
[White "Rocland, Theo"]
[Black "Collas, Didier"]
[Result "0-1"]
[WhiteElo "1830"]
[BlackElo "2425"]
[PlyCount "48"]

1. e4 c5 2. Nf3 e6 3. d4 cxd4 4. Nxd4 a6 5. Nc3 b5 6. Be3 Bb7 7. f3 Nc6 8. Qd2
Nf6 9. g4 h6 10. O-O-O Rc8 11. Nce2 $6 Qa5 12. Qxa5 Nxa5 13. Kb1 e5 $1 14. Nf5
Nxe4 $3 15. fxe4 Bxe4 16. Nc3 $6 (16. Bh3 $8) 16... Bxh1 17. Bxb5 axb5 18. Nxb5
Bf3 19. Nfd6+ Bxd6 20. Nxd6+ Ke7 21. Nf5+ Kf8 22. Rxd7 Bxg4 23. Bc5+ Kg8 24.
Ne7+ Kh7 0-1

[Event "13ème Open International de Saint-Affriq"]
[Site "Saint-Affrique"]
[Date "????.??.??"]
[Round "1.8"]
[White "Velikov, Petar"]
[Black "Fabre, Philippe"]
[Result "1-0"]
[WhiteElo "2422"]
[BlackElo "1820"]
[PlyCount "71"]

1. c4 Nf6 2. g3 g6 3. Bg2 Bg7 4. Nc3 O-O 5. e4 d6 6. Nge2 Nbd7 7. O-O c6 8. d4
e5 9. h3 Re8 10. Be3 Qe7 11. d5 cxd5 12. Nxd5 Nxd5 13. Qxd5 Nf6 14. Qd3 Be6 15.
Nc3 Rac8 16. b3 a6 17. a4 Nd7 18. a5 Nb8 19. Rfd1 Bf8 20. Na4 Nd7 21. Qc2 f5
22. exf5 Bxf5 23. Qd2 Rb8 24. Nc3 Be6 25. Nd5 Bxd5 26. Bxd5+ Kh8 27. h4 Bg7 28.
Bg2 Bf8 29. Ra2 Nc5 30. Qc3 Ne6 31. Re2 Bg7 32. Qd3 Bf8 33. Qd5 Red8 34. Ba7
Ra8 35. Bb6 Rd7 36. Rxe5 1-0

[Event "13ème Open International de Saint-Affriq"]
[Site "Saint-Affrique"]
[Date "????.??.??"]
[Round "1.22"]
[White "San Marco, Bruno"]
[Black "Croux, Laurent"]
[Result "0-1"]
[WhiteElo "2239"]
[BlackElo "1780"]
[PlyCount "73"]

1. e4 c5 2. Nf3 d6 3. c3 Nf6 4. Be2 g6 5. O-O Bg7 6. Bb5+ Nc6 7. d4 cxd4 8.
cxd4 O-O 9. Nc3 a6 10. Be2 e5 11. d5 Ne7 12. Ne1 Nd7 13. Be3 f5 14. f3 Nf6 15.
Nd3 f4 16. Bf2 Rf7 (16... g5 $5) 17. Qb3 g5 18. Rfc1 g4 19. Qb6 Qd7 20. Nd1
gxf3 21. Bxf3 Nexd5 22. exd5 e4 23. Nxf4 exf3 24. gxf3 Bh6 25. Qd4 Qf5 26. Bg3
Nh5 27. Ne3 Qg5 28. Nfg2 Nxg3 29. hxg3 Rxf3 30. Nf1 Bh3 31. Rc7 Re8 32. Qa4 Re2
33. Rc2 Rff2 34. Rxe2 Rxe2 35. Nf4 Qe5 36. Nxe2 Qxe2 37. Qe8+ 0-1

[Event "13ème Open International de Saint-Affriq"]
[Site "Saint-Affrique"]
[Date "????.??.??"]
[Round "1.23"]
[White "Fourche, Bernard"]
[Black "Diaz, Mickael"]
[Result "0-1"]
[WhiteElo "1780"]
[BlackElo "2227"]
[PlyCount "24"]

1. d4 Nc6 2. c4 e5 3. d5 Nce7 4. Nc3 Ng6 5. e4 Nf6 6. Nf3 Bb4 7. Bd3 O-O 8. O-O
Bxc3 9. bxc3 d6 10. h3 Nh5 11. Bg5 f6 12. Nh4 fxg5 0-1

[Event "13ème Open International de Saint-Affriq"]
[Site "Saint-Affrique"]
[Date "????.??.??"]
[Round "1.26"]
[White "Flouzat, Jean-Marc"]
[Black "Teboul, Rene"]
[Result "1-0"]
[WhiteElo "2174"]
[BlackElo "1770"]
[PlyCount "32"]

1. e4 c5 2. b4 cxb4 3. d4 e6 4. Nf3 d6 5. Bd3 Be7 6. O-O Nf6 7. Qe2 a6 8. a3
O-O 9. axb4 b5 10. Bxb5 Qb6 11. Bd3 Qxb4 12. Ba3 Qb6 13. Nbd2 Qc7 14. e5 Nd5
15. c4 Nb6 16. exd6 Bxd6 1-0

[Event "13ème Open International de Saint-Affriq"]
[Site "Saint-Affrique"]
[Date "????.??.??"]
[Round "1.55"]
[White "Lesot, Jeremy"]
[Black "Hegray, Romain"]
[Result "0-1"]
[WhiteElo "2044"]
[BlackElo "1620"]
[PlyCount "44"]

1. e4 e5 2. Nf3 Nc6 3. d4 exd4 4. Bc4 Na5 5. Bxf7+ Kxf7 6. Ne5+ Ke7 7. Qh5 Qe8
8. Qg5+ Nf6 9. Nd3 Qh5 10. Qf4 d6 11. e5 dxe5 12. Nxe5 Be6 13. O-O Nd7 14. Nxd7
Kxd7 15. Qxd4+ Bd6 16. Qxg7+ Bf7 17. g3 Rhg8 18. Qd4 Nc6 19. Qa4 Bd5 20. c4
Rxg3+ $3 21. fxg3 Bc5+ 22. Rf2 Qf3 0-1

[Event "13ème Open International de Saint-Affriq"]
[Site "Saint-Affrique"]
[Date "????.??.??"]
[Round "2.1"]
[White "Apicella, Manuel"]
[Black "Valet, Godeffroy"]
[Result "1-0"]
[WhiteElo "2553"]
[BlackElo "2034"]
[PlyCount "69"]

1. e4 e6 2. d4 d5 3. Nc3 Bb4 4. e5 c5 5. a3 Bxc3+ 6. bxc3 Nc6 7. Qg4 Kf8 8. Nf3
Nge7 9. Bd3 c4 10. Be2 Qa5 11. Bd2 Qa4 12. Ra2 b5 13. h4 a5 14. h5 h6 15. O-O
b4 16. Rb1 Rb8 17. Bd1 f5 18. exf6 gxf6 19. Qf4 Kf7 20. Ne5+ Nxe5 21. dxe5 f5
22. cxb4 Nc6 23. Qh4 Rg8 24. Qf6+ Ke8 25. c3 Qb5 26. Bxh6 Rb7 27. a4 Qb6 28.
Be3 Qc7 29. h6 Qh7 30. Bh5+ Kd7 31. Bf7 Rd8 32. b5 Kc7 33. Rab2 Nb8 34. b6+ Kc6
35. Qxd8 1-0

[Event "13ème Open International de Saint-Affriq"]
[Site "Saint-Affrique"]
[Date "????.??.??"]
[Round "2.2"]
[White "Deumie, Philippe"]
[Black "Degraeve, Jean-Marc"]
[Result "0-1"]
[WhiteElo "2024"]
[BlackElo "2546"]
[PlyCount "73"]

1. c4 e5 2. g3 Nc6 3. Bg2 f5 4. Nc3 Nf6 5. e3 d5 6. cxd5 Nb4 7. d3 Nfxd5 8.
Nxd5 Nxd5 9. a3 c6 10. Ne2 Bd6 11. O-O O-O 12. e4 Nf6 13. exf5 Bxf5 14. d4 Kh8
15. Qb3 Qb6 16. Qc4 Rae8 17. dxe5 Bxe5 18. Be3 Qxb2 19. Nd4 Bg6 20. Ra2 Bd3 21.
Rxb2 Bxc4 22. Rc1 Ba6 23. Rb3 Ng4 24. Bf1 Bxf1 25. Rxf1 Nxe3 26. fxe3 Rxf1+ 27.
Kxf1 Bxd4 28. exd4 Re7 29. Kf2 Kg8 30. h4 Kf7 31. Rc3 Ke6 32. Ke3 Kd5+ 33. Kd3
b6 34. Rc1 Re4 35. Rxc6 Rxd4+ 36. Ke3 Kxc6 37. Kxd4 0-1

[Event "13ème Open International de Saint-Affriq"]
[Site "Saint-Affrique"]
[Date "????.??.??"]
[Round "2.3"]
[White "Kosten, Anthony C"]
[Black "Lafitte, Luc"]
[Result "1-0"]
[WhiteElo "2522"]
[BlackElo "2020"]
[PlyCount "76"]

1. e4 Nf6 2. e5 Nd5 3. d4 d6 4. Nf3 Nc6 5. c4 Nb6 6. exd6 Qxd6 7. c5 Qe6+ 8.
Be2 Nd5 9. O-O Qg6 10. Nc3 e6 11. Nxd5 exd5 12. Bf4 Be7 13. Bxc7 O-O 14. Re1
Bf5 15. Ne5 Nxe5 16. Bxe5 Bc2 17. Qd2 Be4 18. f3 Bf5 19. Bb5 Bg5 20. Bf4 Bf6
21. Bd6 Rfc8 22. Be7 b6 23. b4 a5 24. Bxf6 gxf6 25. a3 h5 26. Bf1 Kh8 27. Rec1
bxc5 28. dxc5 Rg8 29. b5 Bh3 30. c6 h4 31. Qf2 Rg7 32. Kh1 Rag8 33. c7 Bc8 34.
Rc6 Qg5 35. Rac1 h3 36. g3 Qe5 37. Qb6 Rxg3 38. hxg3 Rxg3 1-0

[Event "13ème Open International de Saint-Affriq"]
[Site "Saint-Affrique"]
[Date "????.??.??"]
[Round "2.4"]
[White "Hulin, Jerome"]
[Black "Flear, Glenn C"]
[Result "0-1"]
[WhiteElo "2017"]
[BlackElo "2509"]
[PlyCount "88"]

1. d4 d5 2. c4 e6 3. Nc3 c6 4. Nf3 Nf6 5. Bg5 Nbd7 6. e3 Qa5 7. Nd2 dxc4 8.
Bxf6 Nxf6 9. Nxc4 Qc7 10. Be2 Be7 11. O-O O-O 12. a3 Rd8 13. b4 b6 14. Qb3 Bb7
15. Bf3 Nd5 16. Rac1 Rac8 17. Rfd1 c5 18. Nb5 Qb8 19. dxc5 bxc5 20. bxc5 Bxc5
21. Nd4 Nb6 22. Bxb7 Qxb7 23. Na5 Qd5 24. Qxd5 Rxd5 25. Nac6 e5 26. Rxc5 Rxc5
27. Ne7+ Kf8 28. Nxc8 Rxc8 29. Nf3 f6 30. Kf1 Rc2 31. Ra1 Na4 32. Ne1 Rd2 33.
Nf3 Rc2 34. Rb1 Nc5 35. Ng1 Ra2 36. Rc1 Nd3 37. Rc8+ Kf7 38. Nh3 g5 39. Rd8
Rxa3 40. Ke2 g4 41. Ng1 e4 42. Kd2 Ra2+ 43. Kc3 Rxf2 44. Rd7+ Kg6 0-1

[Event "13ème Open International de Saint-Affriq"]
[Site "Saint-Affrique"]
[Date "????.??.??"]
[Round "2.5"]
[White "Georgiev, Krum"]
[Black "Faure, Nicolas"]
[Result "1-0"]
[WhiteElo "2468"]
[BlackElo "2013"]
[PlyCount "59"]

1. e4 e5 2. Nf3 Nf6 3. Nxe5 d6 4. Nf3 Nxe4 5. c4 Be7 6. d4 O-O 7. Bd3 Ng5 8.
Bxg5 Bxg5 9. O-O Bg4 10. Be4 Nc6 11. Qd3 Bxf3 12. Bxf3 Bf6 13. Nc3 Nxd4 14.
Bxb7 Rb8 15. Be4 g6 16. Rab1 Bg7 17. b4 c6 18. g3 f5 19. Bg2 f4 20. Ne2 Nxe2+
21. Qxe2 c5 22. b5 Bd4 23. Rb3 Qf6 24. Bc6 Qe5 25. Qxe5 dxe5 26. Ra3 fxg3 27.
hxg3 Kh8 28. Rxa7 Rxf2 29. Rxf2 Rf8 30. b6 1-0

[Event "13ème Open International de Saint-Affriq"]
[Site "Saint-Affrique"]
[Date "????.??.??"]
[Round "2.7"]
[White "Tardif, Sebastien"]
[Black "Velikov, Petar"]
[Result "0-1"]
[WhiteElo "2002"]
[BlackElo "2422"]
[PlyCount "36"]

1. Nf3 d5 2. d4 Nf6 3. c4 dxc4 4. Nc3 Nd5 5. e3 Nb6 6. Be2 Nc6 7. Na4 Qd5 8.
Nc5 e5 9. Na4 exd4 10. exd4 Nxa4 11. Qxa4 Bb4+ 12. Kf1 O-O 13. Be3 Bf5 14. Rc1
b5 15. Qd1 Rad8 16. Nh4 Be6 17. Nf3 Rfe8 18. a3 Ba5 0-1

[Event "13ème Open International de Saint-Affriq"]
[Site "Saint-Affrique"]
[Date "????.??.??"]
[Round "2.8"]
[White "Boudre, Jean-Pierre"]
[Black "Remille, Tristan"]
[Result "1-0"]
[WhiteElo "2359"]
[BlackElo "1996"]
[PlyCount "43"]

1. e4 c6 2. d4 d5 3. e5 c5 4. c4 Nc6 5. Nf3 cxd4 6. Nxd4 e6 7. Nc3 Bb4 8. Nxc6
bxc6 9. Bd3 d4 10. a3 Ba5 11. b4 Bc7 12. Ne4 Bxe5 13. Qh5 Qc7 14. f4 Bxf4 15.
O-O Be5 16. Rxf7 Bxh2+ 17. Kh1 Qxf7 18. Qxh2 Qe7 19. Qh5+ Kf8 20. Bg5 Qf7 21.
Qh4 Nf6 22. Rf1 1-0

[Event "13ème Open International de Saint-Affriq"]
[Site "Saint-Affrique"]
[Date "????.??.??"]
[Round "2.18"]
[White "Priser, Patrick"]
[Black "Dussol, Pierre"]
[Result "1-0"]
[WhiteElo "1955"]
[BlackElo "2261"]
[PlyCount "71"]

1. c4 e5 2. Nc3 d6 3. Nf3 f5 4. d4 e4 5. Nd2 c6 6. e3 d5 7. Qb3 Nf6 8. Be2 Na6
9. cxd5 cxd5 10. Bb5+ Kf7 11. Bxa6 bxa6 12. O-O Bd6 13. f3 Rb8 14. Qa4 Rb6 15.
a3 Re8 16. h3 Qc7 17. fxe4 Bd7 18. Qd1 dxe4 19. Na4 Bxa4 20. Qxa4 Rc6 21. Qd1
g6 22. b3 Rc2 23. Nc4 Bh2+ 24. Kh1 Rxg2 25. Ne5+ Rxe5 26. dxe5 Bxe5 27. Kxg2
Bxa1 28. Qe2 Qe5 29. Rd1 Nh5 30. Qc4+ Kf6 31. Qc6+ Kg7 32. Rd7+ Kh6 33. Qc7 Qb5
34. Rxh7+ Kg5 35. h4+ Kxh4 36. Qg3# 1-0

[Event "13ème Open International de Saint-Affriq"]
[Site "Saint-Affrique"]
[Date "????.??.??"]
[Round "2.21"]
[White "Guillaume, Kamal"]
[Black "Sasu-Ducsoara, Andreea-Teodora"]
[Result "0-1"]
[WhiteElo "1950"]
[BlackElo "2210"]
[PlyCount "36"]

1. e4 c5 2. Nf3 d6 3. d4 cxd4 4. Nxd4 Nf6 5. Nc3 Nc6 6. Bc4 e6 7. Be3 a6 8. Bb3
Na5 9. Qe2 Nxb3 10. axb3 e5 11. Nf3 Be7 12. O-O O-O 13. Rfd1 Qc7 14. Nb5 Qb8
15. Nc3 h6 16. Bb6 Be6 17. Nd2 Bd8 18. Nc4 Bxc4 0-1

[Event "13ème Open International de Saint-Affriq"]
[Site "Saint-Affrique"]
[Date "????.??.??"]
[Round "2.27"]
[White "Chaplin, Erik"]
[Black "Canivet, Christophe"]
[Result "1-0"]
[WhiteElo "2148"]
[BlackElo "1917"]
[PlyCount "37"]

1. e4 e5 2. Nf3 Nc6 3. Bb5 Bc5 4. O-O Nd4 5. Nxd4 Bxd4 6. c3 Bc5 7. d4 exd4 8.
cxd4 Bb6 9. Nc3 Ne7 10. Bg5 h6 11. Bh4 g5 12. Bg3 c6 13. Be5 Rg8 14. Bc4 d5 15.
Bb3 Be6 16. Re1 Qd7 17. exd5 Nxd5 18. Nxd5 cxd5 19. Ba4 1-0

[Event "13ème Open International de Saint-Affriq"]
[Site "Saint-Affrique"]
[Date "????.??.??"]
[Round "3.1"]
[White "Apicella, Manuel"]
[Black "Chaplin, Erik"]
[Result "1-0"]
[WhiteElo "2553"]
[BlackElo "2148"]
[PlyCount "87"]

1. e4 d5 2. exd5 Qxd5 3. Nc3 Qd6 4. d4 Nf6 5. Nf3 a6 6. g3 e6 7. Bg2 Be7 8. O-O
O-O 9. Bf4 Qb6 10. Qd2 Nd5 11. Nxd5 exd5 12. Ne5 c6 13. c4 Be6 14. c5 Qd8 15.
Rae1 Nd7 16. h4 Nxe5 17. Bxe5 b6 18. b4 a5 19. a3 axb4 20. axb4 Ra4 21. Rb1 b5
22. Bf3 Qd7 23. Rfe1 Rfa8 24. Qf4 Bf5 25. Rb2 Ra1 26. Rbe2 h6 27. Bc7 Bf6 28.
Ba5 Rxe1+ 29. Rxe1 g5 30. hxg5 hxg5 31. Qe3 Kf8 32. Qd2 Re8 33. Rxe8+ Kxe8 34.
Kf1 Qe7 35. g4 Be4 36. Be2 Kd7 37. Qe3 Bg7 38. Bb6 Qf6 39. f3 Bg6 40. Qa3 Qxd4
41. Qa7+ Ke6 42. Qc7 Be5 43. Qxc6+ Ke7 44. Qd6+ 1-0

[Event "13ème Open International de Saint-Affriq"]
[Site "Saint-Affrique"]
[Date "????.??.??"]
[Round "3.2"]
[White "Degraeve, Jean-Marc"]
[Black "Milesi, Laurent"]
[Result "1-0"]
[WhiteElo "2546"]
[BlackElo "2144"]
[PlyCount "81"]

1. e4 c5 2. Nc3 e6 3. Nf3 a6 4. d4 cxd4 5. Nxd4 Qc7 6. g3 Nc6 7. Bg2 Nf6 8. O-O
Be7 9. Re1 O-O 10. Nxc6 bxc6 11. e5 Nd5 12. Na4 f6 13. c4 Nb6 14. Bf4 fxe5 15.
Bxe5 d6 16. Nxb6 Qxb6 17. Bd4 Qc7 18. c5 e5 19. cxd6 Bxd6 20. Be3 Rb8 21. Rc1
Bd7 22. Qc2 Rfc8 23. Be4 h6 24. Qc4+ Kh8 25. Qf7 Be8 26. Qf5 g6 27. Qf6+ Kh7
28. Red1 Be7 29. Qe6 Bf8 30. Bxg6+ Bxg6 31. Rd7+ Bg7 32. Rxc7 Rxc7 33. b3 Be4
34. Rc4 Bd5 35. Qf5+ Kh8 36. Rh4 Rf7 37. Qg6 Rf6 38. Rxh6+ Bxh6 39. Qxf6+ Bg7
40. Qd6 Rf8 41. Bh6 1-0

[Event "13ème Open International de Saint-Affriq"]
[Site "Saint-Affrique"]
[Date "????.??.??"]
[Round "3.3"]
[White "Mietlicki, Richard"]
[Black "Kosten, Anthony C"]
[Result "0-1"]
[WhiteElo "2136"]
[BlackElo "2522"]
[PlyCount "116"]

1. Nf3 c5 2. g3 Nc6 3. d4 cxd4 4. Nxd4 g6 5. Bg2 Bg7 6. Nb3 Nf6 7. O-O O-O 8.
c4 d6 9. Nc3 Be6 10. Nd5 Rc8 11. Bg5 Ne5 12. Bxf6 exf6 13. Nd4 Bd7 14. b3 f5
15. Rc1 a6 16. Qd2 h5 17. Rfd1 Re8 18. e3 h4 19. Qb4 hxg3 20. hxg3 Bc6 21. Nxc6
bxc6 22. Nf4 Bf8 23. Qa4 Qb6 24. Ne2 Ng4 25. Rd3 Bh6 26. c5 dxc5 27. Rd6 Rxe3
28. Qc4 Re7 29. Rxg6+ Kf8 30. Rxh6 Nxh6 31. Qh4 Ng8 32. Nf4 Rce8 33. Qg5 Re1+
34. Rxe1 Rxe1+ 35. Kh2 c4 36. Qxf5 cxb3 37. axb3 Qd4 38. Qc8+ Re8 39. Qxc6 Nf6
40. Qxa6 Ng4+ 41. Kh3 Nxf2+ 42. Kh2 Qh8+ 43. Kg1 Ng4 44. Ng6+ fxg6 45. Qd6+ Kg7
46. Qd7+ Kh6 47. Qxg4 Qa1+ 48. Bf1 Rf8 49. Qh3+ Kg7 50. Qd7+ Rf7 51. Qd3 Qa7+
52. Kh1 Qf2 53. Bg2 Kh6 54. Qe4 Qxg3 55. Qe8 Qh4+ 56. Kg1 Qd4+ 57. Kh2 Rf5 58.
Qe7 Qf2 0-1

[Event "13ème Open International de Saint-Affriq"]
[Site "Saint-Affrique"]
[Date "????.??.??"]
[Round "3.4"]
[White "Flear, Glenn C"]
[Black "Pfeifer, Andreas"]
[Result "1/2-1/2"]
[WhiteElo "2509"]
[BlackElo "2120"]
[PlyCount "78"]

1. d4 e6 2. c4 Nf6 3. Nc3 Bb4 4. Qc2 O-O 5. a3 Bxc3+ 6. Qxc3 b6 7. Bg5 Bb7 8.
e3 d6 9. Ne2 Nbd7 10. Qd3 c5 11. Nc3 a6 12. Rd1 Rc8 13. d5 exd5 14. Nxd5 Bxd5
15. cxd5 b5 16. f3 Re8 17. Be2 Qe7 18. e4 h6 19. Bc1 c4 20. Qc3 Rc5 21. O-O Qd8
22. Rfe1 Rc8 23. Be3 Nc5 24. Bf1 Nfd7 25. Bd4 Qg5 26. g3 Nb3 27. Bh3 Rcd8 28.
f4 Qh5 29. Bxd7 Rxd7 30. Bxg7 f5 31. Bd4 Rxe4 32. Bf2 Rde7 33. Kg2 Nc5 34. Bxc5
dxc5 35. Rxe4 Rxe4 36. Rd2 Re2+ 37. Kf1 Rxh2 38. Rxh2 Qxh2 39. Qe5 Qh1+ 1/2-1/2

[Event "13ème Open International de Saint-Affriq"]
[Site "Saint-Affrique"]
[Date "????.??.??"]
[Round "3.5"]
[White "Pellegrin, Philippe"]
[Black "Georgiev, Krum"]
[Result "0-1"]
[WhiteElo "2114"]
[BlackElo "2468"]
[PlyCount "86"]

1. Nf3 g6 2. d4 Bg7 3. e4 d6 4. Be3 Nf6 5. Nbd2 O-O 6. Be2 b6 7. O-O c5 8. c3
Na6 9. Re1 Nc7 10. Bf1 Nd7 11. Qc2 a6 12. Rad1 Bb7 13. c4 e5 14. dxe5 dxe5 15.
Nb1 Ne6 16. Bc1 Nd4 17. Nxd4 cxd4 18. Bd3 Qe7 19. Nd2 a5 20. Rf1 Bc6 21. f4
exf4 22. Nf3 Nc5 23. Bxf4 Nxd3 24. Qxd3 Bxe4 25. Qe2 Rfe8 26. Nxd4 Qc5 27. Qf2
Qxc4 28. b3 Qd5 29. Nf3 Qb7 30. Ng5 Bf5 31. Be3 Rac8 32. Rd2 Qe7 33. Bf4 Bc3
34. Rdd1 b5 35. Kh1 b4 36. Qg3 Rcd8 37. Rxd8 Rxd8 38. h3 Qe2 39. Rf2 Qe7 40.
Qh4 f6 41. Nf3 g5 42. Qg3 Be1 43. Bc7 Rd1 0-1

[Event "13ème Open International de Saint-Affriq"]
[Site "Saint-Affrique"]
[Date "????.??.??"]
[Round "3.6"]
[White "Gonzalez, Claudio"]
[Black "Collas, Didier"]
[Result "0-1"]
[WhiteElo "2107"]
[BlackElo "2425"]
[PlyCount "58"]

1. e4 c5 2. Nc3 Nc6 3. Nf3 g6 4. d4 cxd4 5. Nxd4 Bg7 6. Be3 Nf6 7. g4 Nxg4 8.
Nxc6 Nxe3 9. Nxd8 Nxd1 10. Nxd1 Kxd8 11. Bc4 e6 12. c3 Ke7 13. Ne3 b5 14. Bd3
Rb8 15. O-O-O d6 16. Nc2 Bd7 17. Kb1 a5 18. Rhf1 b4 19. cxb4 axb4 20. Ne3 Bc6
21. f4 Rhc8 22. f5 Bd4 23. Rde1 Bb5 24. Bxb5 Rxb5 25. Ng4 b3 26. a4 Rb4 27. f6+
Kd7 28. Re2 Rxa4 29. Rf3 Ra1+ 0-1

[Event "13ème Open International de Saint-Affriq"]
[Site "Saint-Affrique"]
[Date "????.??.??"]
[Round "3.37"]
[White "Lafitte, Luc"]
[Black "Cureau, Mathias"]
[Result "1-0"]
[WhiteElo "2020"]
[BlackElo "1800"]
[PlyCount "31"]

1. e4 e5 2. Nf3 Nc6 3. Bc4 Bc5 4. b4 Bxb4 5. O-O Nf6 6. c3 Bc5 7. d4 exd4 8.
cxd4 Bb6 9. Nc3 h6 10. e5 Nh7 11. Ba3 Na5 12. Bb5 a6 13. Bd3 Ng5 14. Nxg5 Qxg5
15. Ne4 Qd8 16. Qg4 1-0

[Event "13ème Open International de Saint-Affriq"]
[Site "Saint-Affrique"]
[Date "????.??.??"]
[Round "3.83"]
[White "Bonot, Bernard"]
[Black "Flandre, Jean-Pierre"]
[Result "1-0"]
[WhiteElo "1390"]
[BlackElo "1630"]
[PlyCount "53"]

1. e4 e6 2. d4 d5 3. e5 c5 4. c3 Nc6 5. Nf3 Qb6 6. a3 c4 7. Be2 Bd7 8. O-O Na5
9. Nbd2 Nb3 10. Nxb3 Ba4 11. Nfd2 O-O-O 12. Qe1 Bxb3 13. Nxb3 cxb3 14. a4 a5
15. Bb5 f6 16. Bf4 g5 17. Bg3 f5 18. f4 gxf4 19. Bxf4 Bh6 20. Bxh6 Nxh6 21. Qh4
Ng4 22. Ra3 Nxe5 23. Rxb3 Ng6 24. Qe1 Qa7 25. Qxe6+ Kc7 26. Rxf5 Rd6 27. Rf7+
1-0

[Event "13ème Open International de Saint-Affriq"]
[Site "Saint-Affrique"]
[Date "????.??.??"]
[Round "4.1"]
[White "Meynard, Thibault"]
[Black "Apicella, Manuel"]
[Result "0-1"]
[WhiteElo "2281"]
[BlackElo "2553"]
[PlyCount "82"]

1. d4 Nf6 2. c4 g6 3. Nc3 Bg7 4. e4 d6 5. f3 O-O 6. Bg5 c5 7. Nge2 cxd4 8. Nxd4
Nc6 9. Nc2 Nd7 10. Qd2 Nc5 11. Bh6 f5 12. h4 fxe4 13. h5 Qe8 14. Bxg7 Kxg7 15.
fxe4 Ne5 16. Be2 Bg4 17. O-O-O Bxe2 18. hxg6 Ncd3+ 19. Kb1 Qxg6 20. Nxe2 Nxb2
21. Rh3 Nxd1 22. Rg3 Ng4 23. Qd4+ Rf6 24. Qxd1 Raf8 25. Qd4 h5 26. Nf4 Qf7 27.
Nd5 e5 28. Qxa7 Rf1+ 29. Kb2 Rf2 30. Rb3 Qg6 31. Nc7 Qxe4 32. Rc3 Ne3 33. Qxe3
Rxc2+ 34. Kb3 Qxe3 35. Rxe3 Rff2 36. Ne8+ Kg6 37. Rg3+ Kf5 38. Ng7+ Ke4 39.
Nxh5 Rb2+ 40. Ka3 Rxa2+ 41. Kb3 Kd4 0-1

[Event "13ème Open International de Saint-Affriq"]
[Site "Saint-Affrique"]
[Date "????.??.??"]
[Round "4.2"]
[White "David, Vincent"]
[Black "Degraeve, Jean-Marc"]
[Result "1/2-1/2"]
[WhiteElo "2277"]
[BlackElo "2546"]
[PlyCount "59"]

1. d4 Nf6 2. c4 c5 3. Nf3 cxd4 4. Nxd4 e5 5. Nb5 d5 6. cxd5 Qa5+ 7. N5c3 b5 8.
Nd2 b4 9. Qa4+ Qxa4 10. Nxa4 Bd7 11. b3 Nxd5 12. Bb2 f6 13. Rc1 Nb6 14. Nc5
Bxc5 15. Rxc5 Ke7 16. e3 a5 17. Bd3 a4 18. Ke2 axb3 19. axb3 Ra2 20. Rb1 h6 21.
h3 Na6 22. Rc2 Rc8 23. Ra1 Rxa1 24. Bxa1 Nc5 25. f4 exf4 26. Bd4 Nxd3 27. Rxc8
Nxc8 28. Kxd3 Bc6 29. Bc5+ Ke6 30. Nf3 1/2-1/2

[Event "13ème Open International de Saint-Affriq"]
[Site "Saint-Affrique"]
[Date "????.??.??"]
[Round "4.4"]
[White "Georgiev, Krum"]
[Black "Popov, Gueorgui"]
[Result "1-0"]
[WhiteElo "2468"]
[BlackElo "2263"]
[PlyCount "65"]

1. e4 d5 2. exd5 Qxd5 3. Nc3 Qa5 4. d4 c6 5. Nf3 Bf5 6. Bc4 e6 7. Bd2 Qb6 8.
Qe2 Be7 9. O-O-O Nf6 10. Ne5 h5 11. Rhe1 Qd8 12. Qf3 Bg4 13. Qe3 Nbd7 14. h3
Bf5 15. Qg3 Kf8 16. Qf3 Qe8 17. Bg5 Nxe5 18. dxe5 Nd5 19. Bxe7+ Qxe7 20. Ne2 b5
21. Bb3 Rc8 22. Rd2 h4 23. Nd4 Bg6 24. Bxd5 cxd5 25. Nxb5 Rc5 26. Nd4 Kg8 27.
Qf4 Rc4 28. Re3 Rh5 29. b3 Qa3+ 30. Kb1 Rb4 31. Rc3 Qa6 32. Kb2 Qb6 33. Qe3 1-0